000 00671 a2200193 4500
020 _a0849310903
040 _aDLC
_bDLC
082 0 0 _a621.395
100 1 _aBalk?r, Sina.
245 1 0 _aAnalog VLSI design automation
_cBalkir , Sina
260 _aBoca Raton :
_bCRC Press,
_cc2003.
300 _a218 p. :
_bill. ;
_c24 cm.
440 0 _aVLSI circuits series
650 0 _aIntegrated circuits
_xVery large scale integration
_xDesign and construction.
700 1 _aDèµ®dar, Gèµ®han,
_d1969-
700 1 _a菦grenci, A. Sel𣵫
856 4 2 _3Publisher description
_uhttp://www.loc.gov/catdir/enhancements/fy0646/2003046211-d.html
942 _cBK
_k621.395 BAL
_2ddc
999 _c8400
_d8400